MARC

LEADER 00000nam0a2200000 4500
001 355222
005 20231102010754.0
035 |a (RuTPU)RU\TPU\retro\12481 
090 |a 355222 
100 |a 20200703d1973 m y0rusy50 ca 
101 0 |a rus 
102 |a RU 
105 |a ac z 011zb 
200 1 |a Путь ученого (к 100-летию со дня рождения Г. Ц. Цыбикова)  |f Ж. Д. Доржиев  |g Географическое общество Союза ССР, Забайкальский филиал 
210 |a Иркутск  |c Восточно-Сибирское кн. изд-во  |d 1973 
215 |a 33 с.  |c ил., портр. 
320 |a Библиогр.: с. 30-32 
600 1 |a Цыбиков  |b Г. Ц.  |c востоковед, этнограф  |c буддолог  |f 1873-1930  |g Гомбожаб Цэбекович  |2 stltpush  |3 (RuTPU)RU\TPU\pers\36648  |9 19687 
606 1 |a Востоковедение  |2 stltpush  |3 (RuTPU)RU\TPU\subj\68873  |9 83972 
606 1 |a Историография в России  |2 stltpush  |3 (RuTPU)RU\TPU\subj\53391  |9 71660 
610 1 |a востоковеды 
610 1 |a этнографы 
610 1 |a этнография 
610 1 |a Россия 
610 1 |a 19 век 
610 1 |a 20 век 
610 1 |a Бурятия 
610 1 |a ученые 
610 1 |a персоналии 
610 1 |a биографии 
686 |a Т3(5)  |v LBC/SL-A  |2 rubbk 
686 |a Т1(2)  |v LBC/SL-A  |2 rubbk 
700 1 |a Доржиев  |b Ж. Д.  |g Жигжитжаб Доржиевич 
712 0 2 |a Географическое общество Союза ССР  |b Забайкальский филиал  |c (1938-1992)  |2 stltpush  |3 (RuTPU)RU\TPU\col\8461 
801 1 |a RU  |b 63413507  |c 20200703 
801 2 |a RU  |b 63413507  |c 20220929  |g RCR 
942 |c BK